| 000 | 02964nam a22003617a 4500 | ||
|---|---|---|---|
| 003 | OSt | ||
| 005 | 20260416192835.0 | ||
| 008 | 260416t2021 xxu||||| |||| 00| 0 eng d | ||
| 020 | _a9781119720683 | ||
| 020 | _a9781119720683 | ||
| 040 |
_aUnicoc _bspa _c00001 _d00001 |
||
| 082 | _a616.715 | ||
| 100 |
_912979 _aZimmerli, Werner |
||
| 245 |
_abone and joint infections _b: From microbiology to diagnostics and treatment _c/ Werner Zimmerli |
||
| 250 | _a2 Ed. | ||
| 260 |
_aEstados Unidos : _bJohn Wiley & Sons _c2021. |
||
| 300 |
_a454 páginas _bIlustraciones, diagramas, tablas, gráficas |
||
| 500 | _aIncluye Índice y referencias bibliográficas | ||
| 505 |
_tChapter 1. Introduction. -- _tChapter 2. Diagnostic approach in bone and joint infections. -- _tChapter 3. Unusual microorganisms in periprosthetic joint infection. -- _tChapter 4. Identification of pathogens in bone and joint infections by non‐culture techniques. -- _tChapter 5. Bacteriophages for treatment of biofilm infections. -- _tChapter 6. Pharmacokinetics and pharmacodynamics of antibiotics in bone. -- _tChapter 7. Preclinical models of infection in bone and joint surgery. -- _tChapter 8. Native joint arthritis in children. -- _tChapter 9. Native joint arthritis in adult. -- _tChapter 10. Septic arthritis of axial joints. -- _tChapter 11. Periprosthetic joint infection: general aspects. -- _tChapter 12. Periprosthetic joint infection after total hip and knee arthroplasty. -- _tChapter 13. Periprosthetic joint infection after shoulder arthroplasty. -- _tChapter 14. Periprosthetic joint infection after elbow arthroplasty. -- _tChapter 15. Periprosthetic joint infection after ankle arthroplasty. -- _tChapter 16. Osteomyelitis, classification. -- _tChapter 17. Osteomyelitis in children. -- _tChapter 18. Acute osteomyelitis in adults. -- _tChapter 19. Subacute osteomyelitis: tuberculous and brucellar vertebral osteomyelitis. -- _tChapter 20. Chronic osteomyelitis in adults. -- _tChapter 21. Diabetic foot osteomyelitis. -- _tChapter 22. Osteomyelitis of the jaws. -- _tChapter 23. Fracture‐related infection of the long bones. -- _tChapter 24. Implant‐associated vertebral osteomyelitis. -- _tChapter 25. Postoperative sternal osteomyelitis. |
||
| 526 | _5Unicoc | ||
| 546 | _aInglés | ||
| 650 | 0 |
_912981 _aInfecciones _vHuesos y articulaciones |
|
| 650 | 0 |
_938 _aRegeneración oséa |
|
| 650 | 0 |
_94232 _aInfecciones odontógenas. |
|
| 650 | 0 |
_912989 _ainfección ósea |
|
| 650 | 0 |
_912982 _aOsteomyelitis |
|
| 658 | 0 |
_98315 _aPrograma de Odontología |
|
| 658 | 0 |
_98071 _aEspecialización en Endodoncia |
|
| 658 | 0 |
_98072 _aEspecialización en Periodoncia |
|
| 658 | 0 |
_98074 _aEspecialización en Rehabilitación Oral |
|
| 856 |
_yAcceso online exclusivo para comunidad Unicoc. _uhttps://unicoceduco-my.sharepoint.com/:b:/g/personal/direccionbiblioteca_unicoc_edu_co/IQAvqdC1sqX2R6-yK5nnHeGhAe3SFYpRdw3SgiZb8WBz4sM |
||
| 942 |
_2ddc _cEBOOK |
||
| 999 |
_c10865 _d10865 |
||